000 00657nam a22001697a 4500
003 OSt
005 20171010095450.0
008 120626t xxu||||| |||| 00| 0 eng d
040 _aMMSU
_cULS
100 _aCarlos, Gilbert I., Constantino, Dennis V., Polipol, Max Arthur C.
_910716
245 _aOn the Job Training (OJT) in Animal Science
_cGilbert I. Carlos, Dennis V. Constantino, Max Arthur C. Polipol
260 _c2008
300 _axv, 62 leaves
_c28 cm.
500 _aThesis (BS Agriculture-Animal Science) -- Mariano Marcos State University-College of Agriculture & Forestry, Batac City
504 _aBibliography: None
942 _2ddc
_cTHEDIS
999 _c9599
_d9599